| 000 | 00564 a2200217 4500 | ||
|---|---|---|---|
| 005 | 20260121110239.0 | ||
| 008 | 260119b |||||||| |||| 00| 0 eng d | ||
| 020 |
_a9780470425114 _c$ 94.95 |
||
| 040 | _aMAIN | ||
| 082 |
_a664.07 _bY88A(2) |
||
| 100 | _aYousef, Ahmed E | ||
| 245 | _aAnalytical food microbiology: A laboratory manual | ||
| 250 | _a2nd | ||
| 260 |
_bWiley _c2022 _aHoboken |
||
| 300 | _aix, 386 | ||
| 650 | _aFood Technology | ||
| 650 | _aFood Microbiology | ||
| 700 | _aWaite-Cusic, Joy G | ||
| 700 | _aPerry, Jennifer J | ||
| 942 | _cBK | ||
| 999 |
_c395721 _d395721 |
||